000 00479nam a2200181Ia 4500
001 20404
003 IN-NITTTR
005 20251114233233.0
008 251113s9999||||xx |||||||||||||| ||eng||
040 _beng
040 _cIN-NITTTR
041 _aeng
082 _a025.431 C73E
100 _aComaromi, John P
245 0 _aExercises in the 20th edition of the Dewey Decimal Classification /
_cComaromi, John P, Satija, M. P.
700 _a Satija, M. P.
942 _2ddc
_cBK
999 _c23037
_d23037